Bilecik Bilecik Bilecik Bilecik Bilecik

Analiz I/ (Record no. 51118)

MARC details
000 -BAŞLIK
Sabit Uzunluktaki Kontrol Alanı 01085nam a22003977a 4500
001 - KONTROL NUMARASI
Control Dosyası 0051294
003 - KONTROL NUMARASI KİMLİĞİ
Kontrol Alanı KOHA_MİRAKIL
005 - EN SON İŞLEM TARİHİ ve ZAMANI
Kontrol Alanı 20260207003800.0
007 - FİZİKSEL TANIM SABİT ALAN - GENEL BİLGİ
Sabit uzunluklu kontrol alanı ta
008 - SABİT UZUNLUKTAKİ VERİ ÖGELERİ - GENEL BİLGİ
Sabit Alan 150629b2013 tu |||gr||||#||||0|tur |
020 ## - ISBN - ULUSLARARASI STANDART KİTAP NUMARASI
Isbn 9786051336367
040 ## - KATALOGLAMA KAYNAĞI
Özgün Kataloglama Kurumu TR-BiSEU
Kataloglama Dili tur
Çeviri Kurumu TR-BiSEU
Açıklama Kuralları rda
041 0# - DİL KODU
Metin ya da ses kaydının dil kodu tur
044 ## - YAYINLAYAN/ÜRETEN KURULUŞUN ÜLKE KODU
ISO country code tu
050 ## - SINIFLAMA ve YER NUMARASI
Sınıflama Numarası QA300
Yer Numarası .D47 2013
100 1# - KİŞİ ADI
Yazar Adı (Kişi adı) Dernek, Ahmet.
245 1# - ESER ADI BİLDİRİMİ
Başlık Analiz I/
Sorumluluk Bildirimi Ahmet Dernek ; Ahmet Dernek.
250 ## - BASIM BİLDİRİMİ
Basım Bildirimi Geliştirilmiş 3. basım.
264 #1 - ÜRERİM, YAYIN, DAĞITIM ve TELİF BİLDİRİMİ
Yayın yeri Ankara :
Yayınlayan Nobel
Yayın tarihi 2013
300 ## - FİZİKSEL TANIMLAMA
Sayfa, Cilt vb. VII, 367 sayfa ;
Boyutları 24 cm.
336 ## - İÇERİK TÜRÜ
Content type term metin
Content type code txt
Source rdacontent
337 ## - MEDYA TÜRÜ
Media type term aracısız
Media type code n
Source rdamedia
338 ## - TAŞIYICI TÜRÜ
Carrier type term cilt
Carrier type code nc
Source rdacarrier
490 1# - DİZİ BİLDİRİMİ
Dizi Bildirimi Nobel ;
Cilt Numarası yayın no.
490 1# - DİZİ BİLDİRİMİ
Dizi Bildirimi 734.
490 1# - DİZİ BİLDİRİMİ
Dizi Bildirimi Matematik / istatistik no.
490 1# - DİZİ BİLDİRİMİ
Dizi Bildirimi 43.
500 ## - GENEL NOT
Genel Not Dizin var.
650 #0 - KONU BAŞLIĞI EK GİRİŞ - KONU TERİMİ
Konusal terim veya coğrafi ad Matematiksel analiz.
9 (RLIN) 2372
650 #0 - KONU BAŞLIĞI EK GİRİŞ - KONU TERİMİ
Konusal terim veya coğrafi ad Mathematical analysis.
9 (RLIN) 2025
830 1# - SERİ EK GİRİŞİ - TEKBİÇİM ESER ADI
Tekbiçim Başlık Nobel ;
Volume number/sequential designation yayın no.
9 (RLIN) 1846
830 1# - SERİ EK GİRİŞİ - TEKBİÇİM ESER ADI
Tekbiçim Başlık 734.
9 (RLIN) 7734
830 1# - SERİ EK GİRİŞİ - TEKBİÇİM ESER ADI
Tekbiçim Başlık Matematik / istatistik no.
9 (RLIN) 95286
830 1# - SERİ EK GİRİŞİ - TEKBİÇİM ESER ADI
Tekbiçim Başlık 43.
9 (RLIN) 13416
942 ## - EK GİRİŞ ÖGELERİ (KOHA)
Source of classification or shelving scheme Library of Congress Classification
Koha item type Book
Holdings
Materyal Türü Kalıcı Konum Mevcut Konum Raf Yeri Koleksiyon Kodu Sınıflandırma Kaynağı Edinim Bilgisi Ana Konular Alt Konular Yer Numarası Demirbaş Numarası Fatura Tarihi Maliyet, Alış Fiyatı Maliyet, Yenileme Fiyatı Geri Çekilme Durumu Kayıp Durumu Hasarlı Durumu Kredi için değil Kayıt Tarih Toplam Ödünçverme Son Görülme Tarihi Son Kontrol Tarihi Satın Alma Notu
Rezerv Kaynak Prof. Dr. Azmi Özcan Kütüphanesi Prof. Dr. Azmi Özcan Kütüphanesi Danışma Rezerv Library of Congress Classification Satın BİLİM Matematik QA300 .D47 2013 0051294 07/07/2015 15.51 15.51         29/06/2015 25 19/03/2026 13/11/2025 B-984687 - B-984797